000 01499nam a2200289Ia 4500
999 _c39654
_d39654
001 6255
003 GE_BSU
005 20191104160639.0
008 181216s2012||||ge |||||||||||||| ||geo||
020 _a9783830531548
040 _cGE_BSU
041 _ageo
080 _a34(038) გ-20
245 _aგანმარტებითი იურიდიული ლექსიკონი= Juristisches Fachlexikon /
_cავტ.: ლევან თოთლაძე, გაგა გაბრიჩიძე, გიორგი თუმანიშვილი და სხვ. ; რედ.: გიორგი ხუბუა, ლევან თოთლაძე.
264 _aთბილისი,
_c2012.
300 _a626 გვ. ;
_b21 სმ.
653 _aიურიდიული ლექსიკონი
653 _aსამართალი
700 _aთოთლაძე, ლევან
_eავტორი
_95242
700 _a გაბრიჩიძე, გაგა
_eავტორი
_95243
700 _aთუმანიშვილი, გიორგი
_eავტორი
_95244
700 _aტურავა, პაატა
_eავტორი
_93298
700 _a ჩაჩანიძე, ეთერ
_eავტორი
_95245
700 _aხუბუა, გიორგი
_eრედაქტორი
_95246
700 _a თოთლაძე, ლევან
_eრედაქტორი
_95247
942 _cBK
_2udc